Metafora e didattica. In proverbi 1-9
Saved in:
| Hovedforfatter: | |
|---|---|
| Format: | Bog |
| Sprog: | italiensk |
| Udgivet: |
Asís
Cittadella Editrice
2006
|
| Fag: | |
| Tags: |
Tilføj Tag
Ingen Tags, Vær først til at tagge denne postø!
|
MARC
| LEADER | 00000nam a2200000 a 4500 | ||
|---|---|---|---|
| 001 | UCI4105 | ||
| 003 | CL-VaPUC | ||
| 008 | 071221e20060000IT |||||||||||||||||ita|d | ||
| 020 | |a 8830808393 | ||
| 082 | 0 | 4 | |a 195 |b SIG |2 21 |
| 100 | 0 | |a Signoretto, Martino |e author |9 525782 | |
| 245 | 1 | 0 | |a Metafora e didattica. In proverbi 1-9 |
| 300 | |a 288 p | ||
| 942 | |c BK | ||
| 945 | |d 20071221 00:00:00 |a rbrito | ||
| 260 | |a Asís |b Cittadella Editrice |c 2006 | ||
| 650 | 0 | |a Filosofía italiana |9 265241 | |
| 583 | |a last modification |c 20071221 00:00:00 |k Rodrigo Vera | ||
| 999 | |c 328096 |d 328094 | ||
| 952 | |0 0 |1 0 |4 0 |6 195_000000000000000_SIG_2006 |7 0 |8 A |9 411847 |a BIBEDU |b BIBEDU |d 2019-11-22 |i 4396987 |o 195 SIG 2006 |p 4396987 |r 2019-11-22 |w 2019-11-22 |y BK |k FIL | ||